| 000 | 00509cam a2200181 4500 | ||
|---|---|---|---|
| 001 | D2622 | ||
| 008 | 090401t1974 xxu||||| |||| 00| 0 eng d | ||
| 035 | _a(Sirsi) u69978 | ||
| 041 | _aeng | ||
| 050 | _a333.0095493 | ||
| 110 |
_aCommonwealth Association of Surveying and Land Economy _92570 |
||
| 245 | _aSeminar and surveying and land economy in Sri Lanka, Colombo, Sri Lanka, October 1974 | ||
| 260 |
_aLondon _bCASLE _c1974 |
||
| 300 | _a29p. 30cm | ||
| 350 | _a0 | ||
| 942 | _n0 | ||
| 948 | _c04/03/1997 | ||
| 999 |
_c95262 _d95262 |
||